000 00689nam a2200193Ii 4500
003 JO-AjNU
008 230605s9999||||xx |||||||||||||| ||und||
040 _aJO-AjNU
_bara
_erda
_cJO-AjNU
041 _aara
050 1 4 _aHF5667.J67 2017
100 3 _aديوان المحاسبة ,
_eauthor
_959609
245 0 0 _aديوان المحاسبة=:AUDIT BUREAU ديوان المحاسبة بيبن الامس واليوم(1996-2017)
264 3 1 _aعمان: ديوان المحاسبة، 2017
300 _a132ص
336 _atext
_btxt
_2rdacontent
337 _aunmediated
_bn
_2rdamedia
338 _avolume
_bnc
_2rdacarrier
650 4 _aالمحاسبة -تقارير-الاردن
_959610
999 _aA26833
_c30401
_d30401